000 00455nam a2200157Ia 4500
008 240729s9999 xx 000 0 und d
022 _a2452-3011
245 0 _aHealth Professions Education
260 _aSaudi Arabia
260 _bKing Saud bin Abdulaziz University for Health Sciences
650 _a Education (General)
650 _aEducation
856 _uhttps://doaj.org/toc/811970ffb6b04ee2bf0a1450ebf85d5e
942 _2ddc
942 _cDOAJEJ
999 _c68578
_d68578
945 _a1
_bMadushi Gamage
_c1
_dMadushi Gamage